| 000 | 00601nam a2200205Ii 4500 | ||
|---|---|---|---|
| 001 | 6626 | ||
| 003 | CO-ViMGA | ||
| 008 | 241108s9999||||xx |||||||||||||| ||und|| | ||
| 040 |
_aCO-ViMGA _bspa _erda _cCO-ViMGA |
||
| 041 | 0 | _aunk | |
| 082 | 0 | 4 | _aP863.42-V297co |
| 100 | 1 | _aMario Vargas Llosa | |
| 245 | 1 | 0 | _aConversación en la catedral |
| 264 | 1 | _a[Lugar de publicación no identificado] : Seix barral, 1985 | |
| 300 | _avolumen | ||
| 336 |
_atext _btxt _2rdacontent |
||
| 337 |
_aunmediated _bn _2rdamedia |
||
| 338 |
_avolume _bnc _2rdacarrier |
||
| 940 | _aidficha_siabuc: 6475. -- ficha_no_siabuc:6626 | ||
| 999 |
_c54065 _d54065 |
||